| 000 | 00602nam a22001817a 4500 | ||
|---|---|---|---|
| 005 | 20251108175322.0 | ||
| 008 | 250721s2013 xx 000 0 ara d | ||
| 082 | 1 | 4 | _a371.2/طرخ |
| 100 | 1 | _aطرخان, محمد عبد القادر | |
| 245 | 1 | 0 | _aالقيادة التربوية العربية وتحديات التعليم في عصر العولمة / |
| 264 | 1 |
_aعمان : _bدار الشروق للنشر، _c2013. |
|
| 650 | 1 | 7 | _aالقيادة التربوية |
| 650 | 1 | 7 | _aالتعلم |
| 650 | 1 | 7 | _aالعولمة |
| 650 | 1 | 7 | _aالإدارة |
| 942 |
_2ddc _cBK |
||
| 999 |
_c131350 _d131350 |
||